الاتصالات و المواصلات : (رقم التسجيلة. 35468)

تفاصيل مارك
000 -LEADER
fixed length control field 00516nam a22001697a 4500
005 - DATE AND TIME OF LATEST TRANSACTION
control field 20251108165936.0
008 - FIXED-LENGTH DATA ELEMENTS--GENERAL INFORMATION
fixed length control field 250721s1971 xx 000 0 ara d
082 14 - DEWEY DECIMAL CLASSIFICATION NUMBER
Classification number ط/م/380.3/اتص
245 10 - TITLE STATEMENT
Title الاتصالات و المواصلات :
Remainder of title تكنولوجيا /
264 1# - PRODUCTION, PUBLICATION, DISTRIBUTION, MANUFACTURE, AND COPYRIGHT NOTICE
Place of production, publication, distribution, manufacture جنيف :
Name of producer, publisher, distributor, manufacturer شركة ترادكسيم،
Date of production, publication, distribution, manufacture, or copyright notice 1971.
300 ## - PHYSICAL DESCRIPTION
Extent 158ص
490 0# - SERIES STATEMENT
Series statement مصور بالالوان
650 17 - SUBJECT ADDED ENTRY--TOPICAL TERM
Topical term or geographic name as entry element المواصلات
653 ## - INDEX TERM--UNCONTROLLED
Uncontrolled term ناشئون كبار (15-18)سنة
942 ## - ADDED ENTRY ELEMENTS (KOHA)
Source of classification or shelving scheme Dewey Decimal Classification
Koha item type مراجع
المقتنيات
حالة السحب حالة الفقدان مصدر التصنيف حالة التلف غير قابل للإعارة المكتبة الرئيسية المكتبة الحالية موقع الرف تاريخ التزويد الرقم المتسلسل Total Checkouts رقم الإستدعاء الباركود تاريخ آخر ظهور تاريخ الفاتورة نوع المادة (كوها)
    Dewey Decimal Classification     المكتبة المركزية المكتبة المركزية الأطفال 06/07/2004 80919   ط/م/380.3/اتص 80919 28/07/2025 06/07/2004 مراجع
    Dewey Decimal Classification   Not For Loan مكتبة مرج الحمام مكتبة مرج الحمام مراجع 28/07/2025 1135047   ط/م/380.3/اتص 1135047 28/07/2025 28/07/2025 مراجع
Implemented & Customized by: BBB with SCIT (Smart Chains for Information Technology)

Powered by Koha